000 00894cam a2200133 4500500
005 20260405065604.0
041 _afre
042 _adc
100 1 0 _aNeveu, André
_eauthor
245 0 0 _aLes grandes heures de l'agriculture mondiale : Espoirs, succès et menaces
260 _bL'Harmattan,
_c2005.
520 _aL’agriculture mondiale est en pleine transformation. Elle est aussi en crise: en Europe l’ouverture des frontières la fragilise, aux Etats-Unis le gouvernement doit sans cesse intervenir, la guerre de l’eau menace les pays arides et l’agriculture africaine est en plein désarroi. Au total la très grande majorité des agriculteurs du monde a l’impression que l’avenir ne lui réserve que désillusion et souvent misère…
856 4 1 _uhttps://shs.cairn.info/les-grandes-heures-de-lagriculture-mondiale--9782747582094?lang=fr&redirect-ssocas=7080
999 _c2197074
_d2197074